Női archetípusok a női magazinokban - A női magazinok is azok hatásai. Két véglet között A Joy és a Kiskegyed /

Elmentve itt :
Bibliográfiai részletek
Szerző: Punyi Katalin
További közreműködők: Kereszty András (Témavezető)
Dokumentumtípus: Szakdolgozat
Megjelent: 2004
Tárgyszavak:
Online Access:http://diploma.bibl.u-szeged.hu/40417
LEADER 00623nta a2200157 i 4500
001 dipl40417
005 20130715134928.0
008 130418s2004 hu om 0|| hun d
040 |a SZTE Diploma Repozitórium  |b hun 
041 |a hun 
100 1 |a Punyi Katalin 
245 1 0 |a Női archetípusok a női magazinokban - A női magazinok is azok hatásai. Két véglet között  |h [elektronikus dokumentum] :  |b A Joy és a Kiskegyed /  |c Katalin Punyi 
260 |c 2004 
650 4 |a Bölcsészettudományok 
700 1 |a Kereszty András  |e ths 
856 4 0 |u http://diploma.bibl.u-szeged.hu/id/eprint/40417/1/2004_punyi_katalin_2.pdf  |z Dokumentum-elérés